Современные аспекты подготовки конструкторов по направлению 200100 приборостроение; Успехи современного естествознания; № 9
| Parent link: | Успехи современного естествознания: научный журнал.— , 2001- № 9.— 2010.— [С. 207-208] |
|---|---|
| Autor principal: | |
| Otros Autores: | |
| Sumario: | Заглавие с экрана Режим доступа: по договору с организацией-держателем ресурса |
| Lenguaje: | ruso |
| Publicado: |
2010
|
| Materias: | |
| Acceso en línea: | http://www.rae.ru/use/?section=content&op=show_article&article_id=7785224 http://elibrary.ru/item.asp?id=13621764 |
| Formato: | MixedMaterials Electrónico Capítulo de libro |
| KOHA link: | https://koha.lib.tpu.ru/cgi-bin/koha/opac-detail.pl?biblionumber=637641 |
MARC
| LEADER | 00000naa0a2200000 4500 | ||
|---|---|---|---|
| 001 | 637641 | ||
| 005 | 20250121141212.0 | ||
| 035 | |a (RuTPU)RU\TPU\network\1803 | ||
| 035 | |a RU\TPU\network\78 | ||
| 090 | |a 637641 | ||
| 100 | |a 20141003d2010 k||y0rusy50 ca | ||
| 101 | 0 | |a rus | |
| 102 | |a RU | ||
| 135 | |a drcn ---uucaa | ||
| 181 | 0 | |a i | |
| 182 | 0 | |a b | |
| 200 | 1 | |a Современные аспекты подготовки конструкторов по направлению 200100 приборостроение |f А. Н. Гормаков, В. С. Дмитриев | |
| 203 | |a Текст |c электронный | ||
| 300 | |a Заглавие с экрана | ||
| 333 | |a Режим доступа: по договору с организацией-держателем ресурса | ||
| 461 | |t Успехи современного естествознания |o научный журнал |d 2001- | ||
| 463 | |t № 9 |v [С. 207-208] |d 2010 | ||
| 610 | 1 | |a электронный ресурс | |
| 610 | 1 | |a труды учёных ТПУ | |
| 610 | 1 | |a конструкторы | |
| 610 | 1 | |a подготовка | |
| 610 | 1 | |a приборостроение | |
| 610 | 1 | |a учебные планы | |
| 700 | 1 | |a Гормаков |b А. Н. |c специалист в области приборостроения |c доцент Томского политехнического университета, кандидат технических наук |f 1949- |g Анатолий Николаевич |3 (RuTPU)RU\TPU\pers\26483 | |
| 701 | 1 | |a Дмитриев |b В. С. |c специалист в области точного приборостроения |c доктор технических наук, профессор Томского политехнического университета, зав. кафедрой точного приборостроения (ТПС) ЭФФ |f 1940- |g Виктор Степанович |3 (RuTPU)RU\TPU\pers\25818 | |
| 801 | 2 | |a RU |b 63413507 |c 20141111 |g RCR | |
| 856 | 4 | |u http://www.rae.ru/use/?section=content&op=show_article&article_id=7785224 | |
| 856 | 4 | |u http://elibrary.ru/item.asp?id=13621764 | |
| 942 | |c CF | ||